000 00893nam a2200229 i 4500
001 170822
003 ES-MaACL
005 20250808062746.0
008 090408s1955 sp |||| | spa d
100 1 _aRighetti, Mario.
_9139754
240 1 0 _aManuale di storia liturgica.
_lEspañol
245 1 0 _aHistoria de la liturgia.
_nI /
_cpor Mario Righetti ; edición española preparada por Cornelio Urtasun Irisarri.
260 _aMadrid :
_bLa Editorial Católica,
_c1955.
300 _aXVIII, 1341 p. :
_bil ;
_c20 cm.
490 1 _aBiblioteca de autores cristianos ;
_v132
505 8 _aContiene : Introducción general ; El año litúrgico ; El breviario
594 _aTraducción de : Manuale di storia liturgica.
700 1 _aUrtasun, Cornelio.
_9139755
830 0 0 _aBiblioteca de autores cristianos
_v132
_9178679
852 _aES-MaACL
_jJ-130
_9R.46092
999 _c170822
_d170822